[Event "Scarborough CC Early Summer Swiss"]
[Site "Toronto"]
[Date "2007.05.10"]
[Round "5"]
[White "Pratt, Kyle"]
[Black "Shah, Vanshil"]
[Result "1-0"]
[WhiteElo "1662"]
[BlackElo "1239"]
[PlyCount "21"]
[EventDate "2007.05.10"]
[EventType "swiss"]
[EventRounds "8"]
[EventCountry "CAN"]
[SourceTitle "EXT 2022"]
[Source "ChessBase"]
[SourceDate "2021.10.06"]
[SourceVersion "1"]
[SourceVersionDate "2021.10.06"]
[SourceQuality "1"]

1. e4 e5 2. Nf3 Nc6 3. Bb5 Nf6 4. 0-0 Bc5 5. c3 0-0 6. d4 Be7 7. dxe5 Nxe4 8. Qd5 b6 9. Qxe4 Bb7 10. Bd3 Na5 11. Qxh7# 1-0

[Event "Scarborough CC Early Summer Swiss"]
[Site "Toronto"]
[Date "2007.05.10"]
[Round "1"]
[White "Shah, Vanshil"]
[Black "Bellomo, Joe"]
[Result "0-1"]
[WhiteElo "1239"]
[BlackElo "1727"]
[PlyCount "70"]
[EventDate "2007.05.10"]
[EventType "swiss"]
[EventRounds "8"]
[EventCountry "CAN"]
[SourceTitle "EXT 2022"]
[Source "ChessBase"]
[SourceDate "2021.10.06"]
[SourceVersion "1"]
[SourceVersionDate "2021.10.06"]
[SourceQuality "1"]

1. e4 c5 2. d3 Nc6 3. Nf3 d6 4. d4 cxd4 5. Bb5 Qa5+ 6. Nc3 dxc3 7. bxc3 Qxb5 8. Bd2 Nf6 9. Rb1 Qh5 10. c4 Nxe4 11. Rb5 Qg4 12. h3 Qe6 13. Ng5 Nxg5+ 14. Qe2 Qxe2+ 15. Kxe2 Nd4+ 16. Ke1 Nxb5 17. Bxg5 Nd4 18. Be3 Nxc2+ 19. Ke2 Nxe3 20. Kxe3 Be6 21. Re1 g6 22. Kd2 Bg7 23. Rc1 0-0 24. c5 Bh6+ 25. Kd1 Bxc1 26. Kxc1 dxc5 27. g4 Rfd8 28. h4 Rd4 29. Kb2 Rad8 30. Kc3 Rc4+ 31. Kb3 Rd3+ 32. Kb2 a5 33. g5 a4 34. h5 a3+ 35. Kb1 Rd1# 0-1

[Event "Scarborough CC Spring Swiss"]
[Site "Toronto"]
[Date "2007.04.12"]
[Round "5"]
[White "Blackman, Gord"]
[Black "Shah, Vanshil"]
[Result "1-0"]
[WhiteElo "1633"]
[BlackElo "983"]
[PlyCount "63"]
[EventDate "2007.03.15"]
[EventType "swiss"]
[EventRounds "8"]
[EventCountry "CAN"]
[SourceTitle "EXT 2022"]
[Source "ChessBase"]
[SourceDate "2021.10.06"]
[SourceVersion "1"]
[SourceVersionDate "2021.10.06"]
[SourceQuality "1"]

1. c4 e5 2. Nc3 d6 3. g3 Bd7 4. Bg2 Qf6 5. Bxb7 Nh6 6. Bxa8 Be7 7. Bg2 0-0 8. Nf3 Ng4 9. d3 Qh6 10. Bxh6 Nxh6 11. 0-0 Na6 12. a3 Nc5 13. b4 Ne6 14. Nd5 Bd8 15. e4 Nd4 16. Nxd4 exd4 17. h3 c5 18. f4 cxb4 19. axb4 Bc6 20. Rxa7 Bb6 21. Ne7+ Kh8 22. Nxc6 Bxa7 23. Nxa7 Ra8 24. Qa4 g6 25. Ra1 Ng8 26. Qd7 d5 27. cxd5 f5 28. e5 g5 29. fxg5 f4 30. gxf4 h5 31. Be4 Rb8 32. Qh7# 1-0

[Event "Scarborough CC Spring Swiss"]
[Site "Toronto"]
[Date "2007.03.29"]
[Round "3"]
[White "Shah, Vanshil"]
[Black "Moran, Mario"]
[Result "0-1"]
[WhiteElo "983"]
[BlackElo "1751"]
[PlyCount "74"]
[EventDate "2007.03.15"]
[EventType "swiss"]
[EventRounds "8"]
[EventCountry "CAN"]
[SourceTitle "EXT 2022"]
[Source "ChessBase"]
[SourceDate "2021.10.06"]
[SourceVersion "1"]
[SourceVersionDate "2021.10.06"]
[SourceQuality "1"]

1. e4 e5 2. d3 Nf6 3. Nc3 Bb4 4. Bg5 0-0 5. Nf3 h6 6. Bxf6 Qxf6 7. g4 Nc6 8. Bh3 Nd4 9. 0-0 Nxf3+ 10. Kh1 Qf4 11. Qxf3 Qxf3+ 12. Bg2 Qxg4 13. a3 Bxc3 14. bxc3 f5 15. exf5 Rxf5 16. f3 Qh4 17. f4 Rh5 18. Kg1 Qxh2+ 19. Kf2 Qxf4+ 20. Ke1 Qe3+ 21. Kd1 Rh2 22. Re1 Qxe1+ 23. Kxe1 Rxg2 24. a4 Rg1+ 25. Kf2 Rxa1 26. c4 Rxa4 27. c5 b6 28. cxb6 cxb6 29. c4 Bb7 30. d4 exd4 31. Ke2 Rxc4 32. Kd3 Rac8 33. Kd2 Rc3 34. Ke2 Re3+ 35. Kf2 Rc2+ 36. Kf1 Ba6+ 37. Kg1 Re1# 0-1

[Event "Scarborough CC-ch reserves"]
[Site "Toronto"]
[Date "2007.01.18"]
[Round "3"]
[White "Moran, Mario"]
[Black "Shah, Vanshil"]
[Result "1-0"]
[WhiteElo "1630"]
[BlackElo "989"]
[PlyCount "51"]
[EventDate "2007.01.04"]
[EventType "swiss"]
[EventRounds "9"]
[EventCountry "CAN"]
[SourceTitle "EXT 2022"]
[Source "ChessBase"]
[SourceDate "2021.10.06"]
[SourceVersion "1"]
[SourceVersionDate "2021.10.06"]
[SourceQuality "1"]

1. f4 e5 2. fxe5 d6 3. exd6 Bxd6 4. Nf3 Be5 5. Nxe5 Nf6 6. d4 Ne4 7. Nf3 Bg4 8. Qd3 f5 9. Bg5 Qd7 10. Ne5 Qd6 11. Nxg4 h6 12. Be3 Qb6 13. Bc1 Nc6 14. c3 Rd8 15. Nf2 Ne5 16. Qe3 c5 17. dxe5 Rd7 18. Nxe4 0-0 19. Qxc5 Qd8 20. Nd6 b6 21. Qc4+ Rff7 22. Nxf7 Qh4+ 23. Qxh4 g5 24. Nxh6+ Kf8 25. Qxg5 Rg7 26. Qd8# 1-0

[Event "Scarborough CC-ch reserves"]
[Site "Toronto"]
[Date "2007.01.11"]
[Round "2"]
[White "Shah, Vanshil"]
[Black "Sherman, Joshua"]
[Result "0-1"]
[WhiteElo "989"]
[BlackElo "1701"]
[PlyCount "52"]
[EventDate "2007.01.04"]
[EventType "swiss"]
[EventRounds "9"]
[EventCountry "CAN"]
[SourceTitle "EXT 2022"]
[Source "ChessBase"]
[SourceDate "2021.10.06"]
[SourceVersion "1"]
[SourceVersionDate "2021.10.06"]
[SourceQuality "1"]

1. e4 e5 2. d3 Bc5 3. Nf3 d6 4. Bd2 Nf6 5. Be2 Nc6 6. Nc3 Bg4 7. Be3 Bb6 8. Qd2 Qd7 9. 0-0-0 Ba5 10. d4 Nxe4 11. Nxe4 Bxd2+ 12. Rxd2 Bxf3 13. gxf3 exd4 14. Bg5 Qf5 15. Rg1 f6 16. h4 fxg5 17. hxg5 0-0-0 18. Nc3 dxc3 19. bxc3 Qa5 20. Rh1 Qxa2 21. Rdd1 d5 22. g6 h6 23. f4 d4 24. Bg4+ Kb8 25. cxd4 Nxd4 26. c3 Qc2# 0-1